Normal view
MARC view
Entry Corporate Name
001 - CONTROL NUMBER
- control field: 4962
003 - CONTROL NUMBER IDENTIFIER
- control field: ARRUPE
005 - DATE AND TIME OF LATEST TRANSACTION
- control field: 20131203181831.0
008 - FIXED-LENGTH DATA ELEMENTS
- fixed length control field: 131203|| aca||aabn | a|a d
040 ## - CATALOGING SOURCE
- Original cataloging agency: ARRUPE
- Transcribing agency: ARRUPE
110 ## - HEADING--CORPORATE NAME
- Corporate name or jurisdiction name as entry element: Catholic Church.
- Subordinate unit: Synodus Episcoporum
- Number of part/section/meeting: (7th :
- Date of meeting or treaty signing: 1985)
670 ## - SOURCE DATA FOUND
- Source citation: Work cat.: (ARRUPE)0: Synod of Bishops 4961, Lineamenta :, 2006